Postoj študentov k nákupu produktov šetrných k životnému prostrediu

Postoj a správanie študentov pri nákupe produktov šetrných k životnému prostrediu. Prieskum realizovaný prostredníctvom metódy štandardizovaného dopytovania s 51 respondentmi – študentmi Ekonomickej univerzity. Vplyv vybraných faktorov na vnímanie produktov šetrných k životnému prostrediu.

Salvato in:
Dettagli Bibliografici
Autore principale: Garasová, Petra, 1993-
Natura: Capitolo di libro
Lingua:slovacco
Soggetti:
Tags: Aggiungi Tag
Nessun Tag, puoi essere il primo ad aggiungerne!!

MARC

LEADER 00000naa a2200000 4500
001 0273425
005 20240502074317.3
041 0 |a slo 
044 |a SK 
245 1 0 |a Postoj študentov k nákupu produktov šetrných k životnému prostrediu  |c Petra Garasová 
520 |a Postoj a správanie študentov pri nákupe produktov šetrných k životnému prostrediu. Prieskum realizovaný prostredníctvom metódy štandardizovaného dopytovania s 51 respondentmi – študentmi Ekonomickej univerzity. Vplyv vybraných faktorov na vnímanie produktov šetrných k životnému prostrediu. 
610 2 0 |a správanie spotrebiteľa 
610 2 0 |a študenti 
610 2 0 |a prostredie životné 
610 2 0 |a produkty 
610 2 0 |a produkty environmentálne 
100 1 |a Garasová, Petra, 1993-